| 000 | 00758cab a2200253 4500 | ||
|---|---|---|---|
| 001 | X791 | ||
| 008 | 090401t1993 xxu||||| |||| 00| 0 eng d | ||
| 035 | _a(Sirsi) u67477 | ||
| 041 | _aeng | ||
| 245 | _aInsurance is a bar to change in dry rot treatment | ||
| 260 | _c1993 | ||
| 350 | _a0 | ||
| 490 |
_aCS Monthly _bthe Building Surveyor _v2(9) June 1993, 1(1) |
||
| 650 | _aBRITISH WOOD PRESERVATION ASSOCIATION | ||
| 650 | _aBUILDING DEFECTS | ||
| 650 | _aBUILT ENVIRONMENT-BUILDING PATHOLOGY-INFESTATION (FUNGAL)-FUNGI-DRY ROT | ||
| 650 | _aENVIRONMENTAL MONITORING | ||
| 650 |
_aInsurance _96249 |
||
| 650 | _aMOISTURE | ||
| 650 | _aTIMBER TREATMENT | ||
| 690 | _aBUILT ENVIRONMENT-BUILDING INSPECTION | ||
| 942 | _n0 | ||
| 948 | _c04/03/1997 | ||
| 999 |
_c42219 _d42219 |
||